Hướng dẫn sử dụng Atlat địa lí Việt Nam

שמור ב:
מידע ביבליוגרפי
מחבר ראשי: Lê, Huỳnh (chủ biên)
מחברים אחרים: Cao, Văn Dũng, Đặng, Duy Lợi
פורמט: ספר
יצא לאור: Hà Nội Giáo dục 2012
נושאים:
תגים: הוספת תג
אין תגיות, היה/י הראשונ/ה לתייג את הרשומה!
Thư viện lưu trữ: Trung tâm Học liệu Lê Vũ Hùng, Trường Đại học Đồng Tháp
LEADER 00811pam a22002418a 4500
001 00037413
005 20171108151123.0
008 170512s2012 ||||||Viesd
041 0 # |a Vie 
082 1 4 |a 912.597  |b H561D 
100 1 # |a Lê, Huỳnh  |e chủ biên 
245 1 0 |c Lê Huỳnh; Đặng Duy Lợi; Cao Văn Dũng  |a Hướng dẫn sử dụng Atlat địa lí Việt Nam 
260 # # |b Giáo dục  |c 2012  |a Hà Nội 
300 # # |a 196tr  |c 24cm. 
653 # # |a Atlat địa lí 
653 # # |a Địa lý 
653 # # |a Việt Nam 
700 1 # |a Cao, Văn Dũng 
700 1 # |a Đặng, Duy Lợi 
852 # # |j KD.0021617  |j KM.0022755 
852 # # |b Kho đọc  |j KD.1000318 
910 |d 12/05/2017 
980 # # |a Trung tâm Học liệu Lê Vũ Hùng, Trường Đại học Đồng Tháp